|
|
|
|
| LEADER |
00000nab a2200000u 4500 |
| 001 |
vtls012067817 |
| 003 |
SK-MaSNL |
| 005 |
20260303192256.0 |
| 008 |
210907|20210906xo ||||||| || ||slo| |
| 038 |
|
|
|a KEVKJB
|
| 040 |
|
|
|a KEVKJB
|b slo
|e rda
|
| 041 |
0 |
|
|a slo
|
| 043 |
|
|
|a e-xo---
|
| 044 |
|
|
|a xo
|c SK
|
| 072 |
|
7 |
|a 352/354
|x Stupne miestnej, oblastnej a ústrednej správy
|2 konspekt
|
| 080 |
|
|
|a 353.9
|2 2011
|
| 100 |
1 |
|
|a Novotná, Anna
|4 aut
|9 450182
|
| 245 |
1 |
0 |
|a Expertka na roboty, tanečnica na vozíčku aj bežecká legenda dostali cenu KSK
|c Anna Novotná
|
| 300 |
|
|
|b Fotografie
|
| 336 |
|
|
|a text
|b txt
|2 rdacontent
|
| 337 |
|
|
|a bez média
|b n
|2 rdamedia
|
| 338 |
|
|
|a zväzok
|b nc
|2 rdacarrier
|
| 610 |
2 |
7 |
|a Košický samosprávny kraj (Slovensko).
|b Úrad
|2 SNKKA
|9 30611
|
| 650 |
0 |
7 |
|a Cena Košického samosprávneho kraja
|y 2020
|2 kevkjb
|9 1222614
|
| 650 |
0 |
7 |
|a osobnosti
|2 SNKPH
|9 29820
|
| 650 |
0 |
7 |
|a kolektívy
|2 kevkjb
|9 878913
|
| 651 |
|
7 |
|a Košice (Slovensko)
|2 SNKPHgeo
|9 18694
|
| 773 |
0 |
|
|t Korzár
|g Roč. XXIV., č. 205 (6.9.2021), s. 2
|x 2585-7355
|
| 852 |
|
|
|a KEVKJB
|b KIS3GCP
|
| 856 |
4 |
1 |
|u https://kosice.korzar.sme.sk/c/22734981/expertka-na-roboty-tanecnica-na-vozicku-aj-bezecka-legenda-dostali-ceny-kosickeho-kraja.html
|
| 999 |
|
|
|c 2145296
|d 2147226
|